Sinopsis de psiquiatría: ciencias de la conducta, psiquiatría clínica
Guardat en:
| Autors principals: | , |
|---|---|
| Format: | Llibre |
| Idioma: | espanyol |
| Publicat: |
Madrid
Médica Panamericana
2000
|
| Matèries: | |
| Etiquetes: |
Afegir etiqueta
Sense etiquetes, Sigues el primer a etiquetar aquest registre!
|
MARC
| LEADER | 00000nam a2200000 a 4500 | ||
|---|---|---|---|
| 001 | UCM1448 | ||
| 003 | CL-VaPUC | ||
| 008 | 020404e20000000SP |||||||||||||||||spa|d | ||
| 082 | 0 | 4 | |a 616.89 |b KAP |2 21 |
| 100 | |a Kaplan, Harold Irwin |e author |9 468410 | ||
| 700 | 0 | |a Sadock, Benjamín James |e author |9 468411 | |
| 245 | 1 | 0 | |a Sinopsis de psiquiatría: ciencias de la conducta, psiquiatría clínica |
| 300 | |a 1589 p | ||
| 942 | |c BK | ||
| 945 | |d 20020404 00:00:00 |a vberengu | ||
| 260 | |a Madrid |b Médica Panamericana |c 2000 | ||
| 650 | 0 | |a Psiquiatría |9 308427 | |
| 650 | 0 | |a Desarrollo humano |9 349614 | |
| 650 | 0 | |a Cerebro |9 307262 | |
| 650 | 0 | |a Conducta humana |9 269906 | |
| 650 | 0 | |a Psicología |9 257863 | |
| 650 | 0 | |a Psicometría |9 260694 | |
| 650 | 7 | |a SEXUALIDAD HUMANA |2 CL-VaPUC |9 395306 | |
| 650 | 7 | |a PSICOTERAPIA |2 CL-VaPUC |9 468412 | |
| 650 | 0 | |a Trastornos del aprendizaje |9 307969 | |
| 650 | 0 | |a Trastornos del comportamiento |9 311363 | |
| 583 | |a last modification |c 20160307 12:55:50 |k Rodrigo Vera | ||
| 999 | |c 299905 |d 299903 | ||
| 952 | |0 0 |1 0 |4 0 |6 616_890000000000000_KAP_2000 |7 0 |8 R |9 356946 |a BIBGIM |b BIBGIM |d 2019-11-21 |i 3805913 |o 616.89 KAP 2000 |p 3805913 |r 2025-01-15 |w 2019-11-21 |y BK_R |k SSL | ||